Príspevok k indikáci chemoterapie melanómu

Bibliographic Details
Main Authors: Héjj, František (Author), Končeková, Soňa (Author), Kanáliková, Viera (Author), Matula, Pavol, 1970- (Author)
Format: Article
Language:Slovak
PhysicalDescription:Tab. 2, res. angl., nem., rus., lit. 9 zázn. v angl., slov.
Subjects:

MARC

LEADER 00000nab a2200000 a 4500
001 vtls000478366
003 SK-MaSNL
005 20260303160841.0
008 230223c1992 xo 0 slo
015 |a SNBRB19rr/mm-uuuuu 
035 |a CL0478501 
035 |a urn:nbn:sk:snk-abbky 
035 |a (urnnbn)urn:nbn:sk:snk:ar-a056dj 
035 |a (uuid)35c6c0fe-84d0-45bb-b615-b3edff249b4a 
040 |a SNKBUCL  |b slo  |c SNKBUCL  |e AACR2 
041 0 |a slo 
044 |a xo  |c SK 
080 |a 616.5-006.8:615.31  |2 1981 
080 |a 615.31  |2 1981 
245 0 0 |a Príspevok k indikáci chemoterapie melanómu  |c František Héjj ... [et al.] 
300 |b Tab. 2, res. angl., nem., rus., lit. 9 zázn. v angl., slov. 
650 0 7 |a melanómy kože  |2 snkbucl  |9 1182285 
650 0 7 |a chemoterapia  |2 snkbucl  |9 13903 
650 0 7 |a polychemoterapia  |2 snkbucl  |9 944782 
655 7 |a články z novín a časopisov  |2 snkbucl  |9 267496 
700 1 |a Héjj, František  |4 aut  |9 11880 
700 1 |a Končeková, Soňa  |4 aut  |9 986652 
700 1 |a Kanáliková, Viera  |4 aut  |9 986653 
700 1 |a Matula, Pavol,  |d 1970-  |4 aut  |9 111404 
773 0 |t Slovenský lekár  |g Roč. 2 (16), č. 12 (1992), s. 28-31 
850 |a Slovenská národná knižnica v Martine  |a MTA001 
852 |a SNK  |b KIS3GCP 
954 |a odborná, vedecká literatúra pôvodná (slovenská)  |2 lita 
958 |a RK 
958 |a ME 
958 |a NB 
958 |a OND 
958 |a EUIPO 
958 |a article27 
992 |a RBX 
999 |c 2047439  |d 2049369